Visualizzazione normale
Vista MARC
- Style Council (The)
di Personal Name
Records bibliografici associati: 1
001 - CONTROL NUMBER
- control field: 2287
003 - CONTROL NUMBER IDENTIFIER
- control field: IT-RoPau
005 - DATE AND TIME OF LATEST TRANSACTION
- control field: 20131118215107.0
008 - FIXED-LENGTH DATA ELEMENTS
- fixed length control field: 131118|| aca||aabn | a|a d
040 ## - CATALOGING SOURCE
- Original cataloging agency: IT-RoPau
- Transcribing agency: IT-RoPau
100 ## - HEADING--PERSONAL NAME
- Personal name: Style Council (The)
670 ## - SOURCE DATA FOUND
- Source citation: Work cat.: (IT-RoPau)102128: Style Council (The), Cafè bleu